Employer and income tax

Bibliographic Details
Format: Book
Language:English
Published: Kuala Lumpur : Jabatan Hasil Dalam Negeri 1994
Subjects:

MARC

LEADER 00000cam a2200000 7i4500
001 0000006398
005 20241001.0
008 000204 my eng
040 |a INS   |b eng   |e rda 
090 0 0 |a HJ4652   |b .E553 1994 
245 0 0 |a Employer and income tax 
264 1 |a Kuala Lumpur :   |b Jabatan Hasil Dalam Negeri   |c 1994 
300 |a various pagings ;   |c 21 cm. 
336 |a text  |2 rdacontent 
337 |a unmediated  |2 rdamedia 
338 |a volume  |2 rdacarrier 
650 0 |a Income tax 
999 |a 0000005358   |b BOOK   |c Open Shelf   |e Default branch